000 01266cam a22003014a 4500
999 _c21557
_d21557
001 14170490
003 OSt
005 20170121152129.0
008 051116s2006 flua b 001 0 eng
010 _a 2005044886
020 _a0849320992
040 _aDLC
_cDLC
_dDLC
042 _apcc
050 0 0 _aR857.S47
_bB56 2006
082 0 0 _a610.28
_222
245 0 0 _aBiomedical signal and image processing /
_cKayvan Najarian and Robert Splinter.
260 _aBoca Raton :
_bCRC/Taylor & Francis,
_c2006.
300 _a417 p. :
_bill. ;
_c24 cm.
504 _aIncludes bibliographical references and index.
650 0 _aSignal processing.
650 0 _aBiomedical engineering.
650 0 _aImage processing.
700 1 _aNajarian, Kayvan.
700 1 _aSplinter, Robert.
856 4 2 _3Publisher description
_uhttp://www.loc.gov/catdir/enhancements/fy0646/2005044886-d.html
906 _a7
_bcbc
_corignew
_d1
_eocip
_f20
_gy-gencatlg
942 _2lcc
_cBOOKS
_hR 857 .S47B56 2006